Prima Lettera delle Città Giapponesi - Statistics

Statistiche generali
  • Questo quiz è stato fatto 71 volte
  • Il punteggio medio è 10 su 21
Statistiche sulle risposte
Hint Risposta % Corretto
_awasaki K
96%
_okyo T
96%
_iroshima H
93%
_saka O
93%
_apporo S
89%
_okohama Y
82%
_ukuoka F
80%
_agoya N
71%
_chikawa I
44%
_atsuyama M
36%
_hiba C
27%
_ifu G
27%
_akayama W
24%
_bina E
22%
_tsunomiya U
22%
_ōetsu J
20%
_yūgasaki R
13%
_ama Z
13%
_dachi A
11%
_aitō D
9%
_eppu B
4%
Nessun quiz corrispondente trovato
Distribuzione punteggi
Percentuale di utenti per punteggio
Percentile per numero di risposta
I tuoi punteggi nel tempo
Non hai fatto questo quiz